000 00662nas a2200229 4500
001 BR8006888
003 BR-BrBNA
005 20231205084434.0
007 ta
008 230509b bl.|||p| |||| 00| 00por d
040 _aBR-BrBNA
_bpor
_cBiblioteca Nacional de Agricultura
041 _a(Pt)
072 _aL20
100 1 _aSprovieri, R.
245 1 _aDebicagem, fator importante em avicultura
650 _aAVICULTURA
650 _aDEBICAGEM
650 _aCOMPORTAMENTO ANIMAL
773 0 _tAvicultura Industrial (Brazil)
_xISSN 0101-2258
_g(Mar 1980), v. 71(843) p. 28-31
_wBR8006888
909 _a202311
_bLúcia
_c55
_dLúcia Elande
942 _2AGRIS
_n0
_cANA
999 _c105244
_d105244